000 00659nam a2200217 a 4500
001 BRL_1067
005 20190320211024.0
008 061113s1979----mx-a######---#000-0#spa-#
041 _aspa
044 _amx
050 4 _aNK4340.P8
_b.T35 1979
245 1 0 _aTalavera poblana
260 _a[México]
_bFomento Cultural Banamex ; Pinacoteca Marqués del Jaral de Berrio
_c1979
300 _a[12] p.
_b121 láminas (algunas a color)
_c24 cm.
500 _aAu1176
650 1 4 _aTalavera poblana
_vExposiciones
_925734
650 1 4 _aCerámica
_vExposiciones
_zPuebla
_925735
650 1 4 _aCerámica mexicana
_vExposiciones
_91705
902 _aGRL
942 _2lcc
_cB
999 _c9879
_d9879